En el centenario de la Restauración / (Record no. 39678)

MARC details
000 -LEADER
campo de control de longitud fija 00688nam a2200193 i 4500
001 - NÚMERO DE CONTROL
campo de control 39678
003 - IDENTIFICADOR DE NÚMERO DE CONTROL
campo de control ES-MaACL
005 - FECHA Y HORA DE LA ÚLTIMA TRANSACCIÓN
campo de control 20230906160046.0
007 - CAMPO FIJO DE DESCRIPCIÓN FÍSICA--INFORMACIÓN GENERAL
campo de control de longitud fija t|
008 - DATOS DE LONGITUD FIJA--INFORMACIÓN GENERAL
campo de control de longitud fija 030304s1974 sp ||||1| spa d
100 1# - ENTRADA PRINCIPAL--NOMBRE DE PERSONA
Nombre de persona Cánovas del Castillo, Juan Antonio.
9 (RLIN) 34606
245 10 - MENCIÓN DEL TÍTULO
Título En el centenario de la Restauración /
Mención de responsabilidad, etc. Juan Antonio Cánovas del Castillo y Fraile.
260 ## - PUBLICACIÓN, DISTRIBUCIÓN, ETC.
Lugar de publicación, distribución, etc. Madrid :
Nombre del editor, distribuidor, etc. [s.n.],
Fecha de publicación, distribución, etc. 1974.
300 ## - DESCRIPCIÓN FÍSICA
Extensión 6 h. ;
Dimensiones 22 cm.
500 ## - NOTA GENERAL
Nota general Separata de: "Miscelánea en honor de Juan Becerril y Antón-Miralles, p. 181-191.
500 ## - NOTA GENERAL
Nota general Ded. autógr. del autor.
740 0# - ENTRADA AGREGADA--TÍTULO RELACIONADO/ANALÍTICO NO CONTROLADO
Título relacionado o analítico no controlado Miscelánea en honor de Juan Becerril y Antón-Miralles.
852 ## - LOCALIZACIÓN
Ubicación ES-MaACL
Número de control de estantería 2134-F-24
Sublocalización o colección R.112947
Holdings
Estatus retirado Estado de pérdida Estado de daño No para préstamo Colección Biblioteca de origen Biblioteca actual Ubicación en estantería Fecha de adquisición Fuente de adquisición Total de préstamos Signatura topográfica completa Código de barras Visto por última vez Precio de reemplazo Tipo de ítem Koha
        Colección de folletos Biblioteca del Ateneo de Madrid Biblioteca del Ateneo de Madrid Depósito folletos 17/01/2008     2134-F-24 1041787 23/02/2023 23/02/2023 Folleto